Performance-based education : developing programs through strategic planning /

Bibliographic Details
Main Author: Baron, Mark A.
Other Authors: Boschee, Floyd, Jacobson, Marlene, 1956-
Format: Book
Language:English
Published: Lanham, Md. : Rowman & Littlefield Education, [2008]
Subjects:

MARC

Tag First Indicator Second Indicator Subfields
LEADER 00000pam a22000004a 4500
001 in00002376449
005 20151109041218.0
008 071107s2008 mdua b 000 0 eng
010 |a  2007045935 
020 |a 9781578867868 (cloth : alk. paper) 
020 |a 157886786X (cloth : alk. paper) 
020 |a 9781578867875 (pbk. : alk. paper) 
020 |a 1578867878 (pbk. : alk. paper) 
035 |a (OCoLC)ocn181368774 
035 |a (OCoLC)181368774 
040 |a DLC  |c DLC  |d YDX  |d BAKER  |d BTCTA  |d YDXCP  |d BWX  |d UtOrBLW 
043 |a n-us--- 
049 |a TXAM 
050 0 0 |a LC1032  |b .B37 2008 
082 0 0 |a 371.2/070973  |2 22 
100 1 |a Baron, Mark A. 
245 1 0 |a Performance-based education :  |b developing programs through strategic planning /  |c Mark A. Baron, Floyd Boschee, and Marlene Jacobson. 
264 1 |a Lanham, Md. :  |b Rowman & Littlefield Education,  |c [2008] 
264 4 |c ©2008 
300 |a x, 156 pages :  |b illustrations ;  |c 23 cm. 
336 |a text  |b txt  |2 rdacontent 
337 |a unmediated  |b n  |2 rdamedia 
338 |a volume  |b nc  |2 rdacarrier 
504 |a Includes bibliographical references (pages 151-153). 
650 0 |a Competency-based education  |z United States. 
650 0 |a Educational planning  |z United States. 
700 1 |a Boschee, Floyd. 
700 1 |a Jacobson, Marlene,  |d 1956- 
938 |a Baker & Taylor  |b BKTY  |c 55.00  |d 55.00  |i 157886786X  |n 0007562315  |s active 
938 |a Baker & Taylor  |b BKTY  |c 24.95  |d 24.95  |i 1578867878  |n 0007562316  |s active 
938 |a Baker and Taylor  |b BTCP  |n BK0007562316 
938 |a YBP Library Services  |b YANK  |n 2754661 
938 |a Blackwell Book Service  |b BBUS  |n R8698022  |c $55.00 
945 |a PromptCat  |b 366463 
946 |a stk 
947 |a A14836848336 
994 |a 92  |b TXA 
948 |a cataloged  |b h  |c 2008/3/27  |d c  |e asalazar  |f 2:58:28 pm 
999 |a MARS 
999 f f |s 6cdc06db-a809-3438-a0bc-3e51a714f95d  |i fdc77eb0-1481-3ae8-95d6-8982f32cf0e9  |t 0 
952 f f |p normal  |a Texas A&M University  |b College Station  |c Sterling C. Evans Library  |d Evans: Library Stacks  |t 0  |e LC1032 .B37 2008  |h Library of Congress classification  |i unmediated -- volume  |m A14836848336 
998 f f |a LC1032 .B37 2008  |t 0  |l Evans: Library Stacks